000 00552nam a2200193Ia 4500
003 GCL
008 140319s9999 xx 000 0 ara d
040 _aGCL /
_cGCL
082 0 4 _a812.009
_bن م
100 1 _aنسيم مجلى
245 1 0 _aالمسرح وقضايا الحرية /
_cنسيم مجلى
260 _a[S.N] :
_bالهيئة المصرية العامة للكتاب ،
_c1984
300 _a187 ص
490 _a
650 0 4 _aالادب العربى
650 0 4 _aالمسرح
650 0 4 _aالمسرحيات
942 _2ddc
_cBK
999 _c54420
_d54420